Loading...
| Literature - British | 0 | 7 | 0 | 0 | 70 | 13 | 48.71 | 4 | 7 | 26.92 | 40.00 |
| Fine Arts - Other | 0 | 3 | 0 | 0 | 30 | 20 | 56.00 | 1 | 2 | 15.93 | 18.00 |
| Fine Arts - Classical Music | 0 | 3 | 0 | 0 | 30 | 37 | 40.33 | 2 | 3 | 19.09 | 28.00 |
| History - European | 0 | 3 | 0 | 0 | 30 | 54 | 79.67 | 1 | 3 | 4.73 | 12.63 |
| Mythology | 0 | 2 | 0 | 0 | 20 | 57 | 62.00 | 1 | 2 | 8.94 | 14.00 |
| Literature - European | 0 | 2 | 0 | 1 | 20 | 92 | 94.00 | 0 | 1 | 3.90 | 12.00 |
| Literature - American | 0 | 1 | 0 | 0 | 10 | 105 | 105.00 | 1 | 1 | 2.20 | 20.00 |
| Literature - World | 0 | 1 | 0 | 0 | 10 | 101 | 101.00 | 0 | 0 | 1.92 | 4.00 |
| History - World | 0 | 1 | 0 | 0 | 10 | 58 | 58.00 | 0 | 0 | 4.91 | 4.00 |
| History - Other | 0 | 1 | 1 | 0 | 5 | 65 | 65.00 | 0 | 1 | 3.69 | 6.00 |
| Fine Arts - Painting and Sculpture | 0 | 0 | 1 | 0 | -5 | 0.00 | 0 | 0 | 0.00 | 0.00 |